000
00318nam a22001337a 4500
020
_a
9781566769297
082
_a
664 IBA/UN
100
_a
Ibarz,Albert
100
_a
Barbosa-Canovas,Gustavo V
245
_a
Unit Operations in Food Engineering
260
_a
Boca Raton
_b
CRC Press
_c
2003
300
_a
889
942
_c
BK
999
_c
13873
_d
13873